Decisión 24. Texto integrado del régimen común de tratamiento a los Capitales extranjeros y sobre marcas, patentes, licencias y regalías
Bewaard in:
| Coauteur: | |
|---|---|
| Formaat: | Texto |
| Gepubliceerd in: |
Lima:
Junta del Acuerdo de Cartagena
|
| Tags: |
Voeg label toe
Geen labels, Wees de eerste die dit record labelt!
|
MARC
| LEADER | 00000 a a2200000 04500 | ||
|---|---|---|---|
| 001 | 24936 | ||
| 003 | |||
| 040 | |||
| 090 | |a 178400 | ||
| 110 | |a Junta del Acuerdo de Cartagena | ||
| 245 | |a Decisión 24. Texto integrado del régimen común de tratamiento a los Capitales extranjeros y sobre marcas, patentes, licencias y regalías | ||
| 260 | |a Lima: |b Junta del Acuerdo de Cartagena | ||
| 300 | |a 97 P. | ||
| 999 | |c 14883 |d 14883 | ||
